000 00469nam a22001697a 4500
003 BD-DhUL
005 20210902101446.0
008 181223s1922 ii ||||| |||| 00| 0 urd d
040 _aBD-DhUL
_cBD-DhUL
082 _a891.431
_bRAI
100 0 _aراس مسعود
245 1 0 _aانتخاب زریں /
_cراس مسعود
260 _aحیدراباد دکن :
_b،
_c۱۹۲۲۔
300 _aص۔ ۲۹۴ ؛
_c۱۸ سم۔
650 4 _aUrdu poetry
942 _2ddc
_cBK
999 _c245392
_d245392